<?xml version="1.0" encoding="UTF-8"?>
<collection xmlns="http://www.loc.gov/MARC21/slim">
 <record>
  <leader>00917nam a22002295a 4500</leader>
  <controlfield tag="001">CEM.cems015981</controlfield>
  <controlfield tag="005">20020925150949.0</controlfield>
  <controlfield tag="008">130507s1984##################000#0#####d</controlfield>
  <controlfield tag="003">CEMS</controlfield>
  <datafield tag="020" ind1=" " ind2=" ">
   <subfield code="a">9502400267</subfield>
  </datafield>
  <datafield tag="082" ind1="0" ind2="4">
   <subfield code="a">636.082</subfield>
  </datafield>
  <datafield tag="100" ind1="1" ind2=" ">
   <subfield code="a">López Magaldi, Mario Agustín</subfield>
  </datafield>
  <datafield tag="245" ind1="1" ind2="0">
   <subfield code="a">Manejo de rodeos de cría /</subfield>
   <subfield code="c">Mario Agustín López Magaldi</subfield>
  </datafield>
  <datafield tag="260" ind1=" " ind2=" ">
   <subfield code="a">Buenos Aires :</subfield>
   <subfield code="b">Albatros,</subfield>
   <subfield code="c">1984</subfield>
  </datafield>
  <datafield tag="300" ind1=" " ind2=" ">
   <subfield code="a">207 p.</subfield>
  </datafield>
  <datafield tag="505" ind1="0" ind2=" ">
   <subfield code="a">Resultado del cruce de vacas aberdeen angus con toros cebú -- Alimentación del ganado -- Queratoconjuntivitis -- Calidad de agua  para bebida animal -- Influencia de razas bovinas autóctonas, indicas y sus principales cruzas -- Manejo de rodeos de  cría</subfield>
  </datafield>
  <datafield tag="653" ind1=" " ind2=" ">
   <subfield code="a">Bovinos-cruzamiento</subfield>
  </datafield>
  <datafield tag="653" ind1=" " ind2=" ">
   <subfield code="a">Ganadería</subfield>
  </datafield>
  <datafield tag="653" ind1=" " ind2=" ">
   <subfield code="a">Ganado-alimentación</subfield>
  </datafield>
  <datafield tag="653" ind1=" " ind2=" ">
   <subfield code="a">Rodeos de cría</subfield>
  </datafield>
  <datafield tag="653" ind1=" " ind2=" ">
   <subfield code="a">Queratoconjuntivitis</subfield>
  </datafield>
  <datafield tag="859" ind1=" " ind2=" ">
   <subfield code="a">CEMS</subfield>
   <subfield code="b">BIB. CEMS - Agricultura</subfield>
   <subfield code="h">636.082</subfield>
   <subfield code="i">L881</subfield>
   <subfield code="p">A13657.85</subfield>
   <subfield code="t">Ej.1</subfield>
  </datafield>
 </record>
</collection>
